LEADER 01031cam0-22003371i-450- 001 990007052250403321 005 20050930100616.0 010 $a88-15-07759-6 035 $a000705225 035 $aFED01000705225 035 $a(Aleph)000705225FED01 035 $a000705225 100 $a20020227d2000----km-y0itay50------ba 101 0 $aita 105 $ay-------001yy 200 1 $aAlle origini del Sant'Uffizio$epenitenza, confessione e giustizia spirituale dal medioevo al XVI secolo$fElena Brambilla 210 $aBologna$cIl Mulino$dc2000 215 $a590 p.$d22 cm 225 1 $aSaggi$v525 610 0 $aSANT'UFFIZIO. ORIGINI. STORIA. EVOLUZIONE 676 $a272.20945$v21$zita 700 1$aBrambilla,$bElena$f<1942- >$0144879 801 0$aIT$bUNINA$gRICA$2UNIMARC 901 $aBK 912 $a990007052250403321 952 $aCollez. 75 (525)$b39111$fFSPBC 952 $a272.2 BRA 1$bBibl. 41196$fFLFBC 959 $aFSPBC 959 $aFLFBC 996 $aAlle origini del Sant'Uffizio$9708229 997 $aUNINA LEADER 01420nam 2200457 450 001 9910480281803321 005 20210803035248.0 010 $a1-925835-20-0 010 $a1-925835-19-7 035 $a(CKB)4100000009445361 035 $a(MiAaPQ)EBC5909948 035 $a(MiAaPQ)EBC6109576 035 $a(MiAaPQ)EBC6225028 035 $a(EXLCZ)994100000009445361 100 $a20201006d2019 uy 0 101 0 $aeng 135 $aurcnu|||||||| 181 $ctxt$2rdacontent 182 $cc$2rdamedia 183 $acr$2rdacarrier 200 00$aTalking north $ethe journey of Australia's first Asian language /$fedited by Paul S. Thomas 210 1$aClayton, Victoria, Australia :$cMonash University Publishing,$d[2019] 210 4$d©2019 215 $a1 online resource (304 pages) 311 $a1-925835-18-9 320 $aIncludes bibliographical references. 606 $aIndonesian language$zAustralia 606 $aIndonesian language$xStudy and teaching$zAustralia 607 $aAustralia$xLanguages 608 $aElectronic books. 615 0$aIndonesian language 615 0$aIndonesian language$xStudy and teaching 676 $a409.94 702 $aThomas$b Paul S$c(Lecturer in Indonesian Studies), 801 0$bMiAaPQ 801 1$bMiAaPQ 801 2$bMiAaPQ 906 $aBOOK 912 $a9910480281803321 996 $aTalking north$92075512 997 $aUNINA LEADER 01193nam 2200397 450 001 9910393959703321 005 20220917144610.0 010 $a1-951498-69-0 035 $a(CKB)4100000011247525 035 $a(NjHacI)994100000011247525 035 $a(EXLCZ)994100000011247525 100 $a20220917d2020 uy 0 101 0 $aeng 135 $aur||||||||||| 181 $ctxt$2rdacontent 182 $cc$2rdamedia 183 $acr$2rdacarrier 200 14$aThe book of the pomegranate $eMoses de Leon's Sefer h-rimmon /$fElliot R. Wolfson 210 1$aAtlanta, Georgia :$cScholars Press,$d[2020] 210 4$d©2020 215 $a1 online resource (viii, 409 pages) 225 1 $aBrown Judaic studies 311 $a1-951498-03-8 320 $aIncludes bibliographical references and index. 410 0$aBrown Judaic studies. 517 $aBook of the Pomegranate 606 $aCommandments (Judaism) 615 0$aCommandments (Judaism) 676 $a296.18 700 $aWolfson$b Elliot R.$01112371 801 0$bNjHacI 801 1$bNjHacl 906 $aBOOK 912 $a9910393959703321 996 $aThe book of the pomegranate$92921603 997 $aUNINA LEADER 01359nam2-22003611i-450 001 990003960810403321 005 20251106122416.0 010 $a88-7178-018-3 035 $a000396081 035 $aFED01000396081 035 $a(Aleph)000396081FED01 100 $a20030910d2002----km-y0itay50------ba 101 0 $aita 200 1 $a<>nuovo controllo statistico della qualitą$eprocesso produttivo, customer satisfaction, problemi ambientali$eatti della riunione satellite della XLI riunione scientifica, Universitą Cattolica del S. Cuore, Milano 4 giugno 2002$fSocietą italiana di statistica$gin collaborazione con Associazione italiana cultura qualitą 210 $aPadova$cCleup$d2002 215 $aVI, 134 p.$d24 cm 610 0 $aSocietą Italiana di Statistica$ariunioni scientifiche 610 0 $aProduzione$aControllo di qualitą$aMetodi statistici 676 $a658.562$v21$zita 676 $a658.562015195$v21$zita 676 $a001.4$v23$zita 710 02$aSocietą italiana di statistica$0102283 801 0$aIT$bUNINA$gREICAT$2UNIMARC 901 $aBK 912 $a990003960810403321 952 $aXXXI-A-63$b9437$fMAS 952 $a658.562 SOC 1$b2115$fBFS 952 $a1-9-202-TI$bs.i.$fECA 959 $aMAS 959 $aBFS 959 $aECA 996 $aNuovo controllo statistico della qualitą$9512991 997 $aUNINA